00434nam a22001577a 450000500170000001000170001702000260003403500170006003700170007708200080009410000200010224500430012226000290016527000610019430000210025520130702150130.0 aB-508938-939 a9788131706992c650.00 aB-508938-939 adplbKBD/Ven a546 aSharpe, Alan G. aInorganic Chemistry/cby Alan G.Sharpe aNew DelhibPearsonc2013 a11 Community Centre, Panchsheel Park,bNew Delhie110017 a702p.c23cm(pbk)